<?xml version="1.0" encoding="UTF-8"?>
<record
    xmlns:xsi="http://www.w3.org/2001/XMLSchema-instance"
    xsi:schemaLocation="http://www.loc.gov/MARC21/slim http://www.loc.gov/standards/marcxml/schema/MARC21slim.xsd"
    xmlns="http://www.loc.gov/MARC21/slim">

  <leader>00426nam a2200157Ia 4500</leader>
  <controlfield tag="008">230719s9999    xx            000 0 und d</controlfield>
  <datafield tag="041" ind1=" " ind2=" ">
    <subfield code="a">eng</subfield>
  </datafield>
  <datafield tag="082" ind1=" " ind2=" ">
    <subfield code="a">004.165</subfield>
    <subfield code="b">MAZ</subfield>
  </datafield>
  <datafield tag="100" ind1=" " ind2=" ">
    <subfield code="a">Mazidi M.A.</subfield>
  </datafield>
  <datafield tag="245" ind1=" " ind2=" ">
    <subfield code="a">8051 Microcontroller And Embedded Systems</subfield>
    <subfield code="b">Using Assembly And C</subfield>
  </datafield>
  <datafield tag="250" ind1=" " ind2=" ">
    <subfield code="a">2nd ed.</subfield>
  </datafield>
  <datafield tag="260" ind1=" " ind2=" ">
    <subfield code="c">2006</subfield>
    <subfield code="b">Pearson</subfield>
  </datafield>
  <datafield tag="300" ind1=" " ind2=" ">
    <subfield code="a">547</subfield>
  </datafield>
  <datafield tag="365" ind1=" " ind2=" ">
    <subfield code="c">Rs.</subfield>
    <subfield code="b">288.00</subfield>
  </datafield>
  <datafield tag="700" ind1=" " ind2=" ">
    <subfield code="a">Mazidi M.A.; Mazidi J.G. &amp; Mckinlay R.D.</subfield>
  </datafield>
  <datafield tag="999" ind1=" " ind2=" ">
    <subfield code="c">354261</subfield>
    <subfield code="d">354261</subfield>
  </datafield>
  <datafield tag="952" ind1=" " ind2=" ">
    <subfield code="0">0</subfield>
    <subfield code="1">0</subfield>
    <subfield code="4">0</subfield>
    <subfield code="7">0</subfield>
    <subfield code="a">CCEP</subfield>
    <subfield code="b">CCEP</subfield>
    <subfield code="c">Donated Book</subfield>
    <subfield code="d">2015-09-02</subfield>
    <subfield code="e">Masurkar Enterprises</subfield>
    <subfield code="g">288.00</subfield>
    <subfield code="l">8</subfield>
    <subfield code="o">004.165</subfield>
    <subfield code="p">CCEP-DB-466</subfield>
    <subfield code="r">2025-05-20 00:00:00</subfield>
    <subfield code="s">2025-05-01</subfield>
    <subfield code="v">288.00</subfield>
    <subfield code="w">2023-07-19</subfield>
    <subfield code="y">BK</subfield>
    <subfield code="z">D00466</subfield>
  </datafield>
</record>
